000 00414nam a2200181Ia 4500
001 4606
005 20260306145808.0
008 260306t2014||||xx |||||||||||||| ||spa||
041 _aESP
082 _a327.42092
_bC32
100 _aCasement, Roger
_eAUT
245 0 _aDiarios del Amazonas
260 _c2014
300 _a209 páginas :
_c24 cm.
650 _aGEN
654 _aCHU
942 _cLIB
_dJUS
_fJUS
_2ddc
_n
999 _c4606
_d4606